[Event "Llinars del Valles Tardor op 2nd"]
[Site "Llinars del Valles"]
[Date "2010.10.22"]
[Round "6"]
[White "Molano Lafuente, Ismael"]
[Black "Veciana Coronado, Bru"]
[Result "1-0"]
[WhiteElo "2065"]
[BlackElo "1895"]
[PlyCount "83"]
[EventDate "2010.09.17"]
[EventType "swiss"]
[EventRounds "9"]
[EventCountry "ESP"]
[SourceTitle "EXT 2012"]
[Source "ChessBase"]
[SourceDate "2011.11.24"]
[SourceVersion "1"]
[SourceVersionDate "2011.11.24"]
[SourceQuality "1"]

1. f4 d5 2. Nf3 c5 3. e3 Nf6 4. b3 g6 5. Bb2 Bg7 6. Be2 Nc6 7. 0-0 h5 8. Ne5 a6 9. a4 Be6 10. Na3 Qb6 11. Qc1 0-0-0 12. d3 h4 13. Rb1 Nh5 14. Nxc6 Qxc6 15. Bf3 Bxb2 16. Qxb2 h3 17. g3 Nf6 18. b4 cxb4 19. Qxb4 Bg4 20. Bh1 Rd7 21. Nc4 Rc7 22. Nb6+ Kd8 23. c4 Qe6 24. Bxd5 Qxe3+ 25. Rf2 Nh5 26. Re1 Qd4 27. Re4 Qf6 28. Na8 Nxg3 29. Nxc7 Nxe4 30. Bxe4 Qa1+ 31. Rf1 Qd4+ 32. Rf2 Qa1+ 33. Rf1 Qd4+ 34. Kh1 Kxc7 35. Qxb7+ Kd8 36. Qxa6 f5 37. Qa8+ Kd7 38. Qc6+ Kd8 39. Rb1 Qd6 40. Qa8+ Kd7 41. Rb7+ Ke6 42. Bd5+ 1-0

[Event "Llinars del Valles Tardor op 2nd"]
[Site "Llinars del Valles"]
[Date "2010.09.24"]
[Round "2"]
[White "Perez Rodriguez, Joan Antoni"]
[Black "Veciana Coronado, Bru"]
[Result "1/2-1/2"]
[WhiteElo "1990"]
[BlackElo "1895"]
[PlyCount "87"]
[EventDate "2010.09.17"]
[EventType "swiss"]
[EventRounds "9"]
[EventCountry "ESP"]
[SourceTitle "EXT 2012"]
[Source "ChessBase"]
[SourceDate "2011.11.24"]
[SourceVersion "1"]
[SourceVersionDate "2011.11.24"]
[SourceQuality "1"]

1. e4 c5 2. Nf3 d6 3. d4 cxd4 4. Nxd4 Nf6 5. Nc3 a6 6. Be2 b5 7. Bf3 e5 8. Nb3 Be6 9. Be3 Be7 10. 0-0 0-0 11. g4 h6 12. Nd5 Bxd5 13. exd5 Nh7 14. Nd2 Ng5 15. Bg2 Qc7 16. c4 Nd7 17. Rc1 Qa5 18. a3 bxc4 19. Nxc4 Qb5 20. b4 Rac8 21. Qb3 e4 22. Bxg5 hxg5 23. Bxe4 Nc5 24. Qe3 Nd7 25. Qd3 Nf6 26. Ne3 Nxe4 27. Qxe4 Bf6 28. Nf5 Rxc1 29. Rxc1 Re8 30. Qf3 Be5 31. Rc7 Bf6 32. Ne3 Qd3 33. Qf5 Qxa3 34. Qd7 Qa1+ 35. Kg2 Rf8 36. Rc8 Qe5 37. Rxf8+ Kxf8 38. Qc8+ Qe8 39. Qxa6 Qe4+ 40. Kg1 Qb1+ 41. Kg2 Qe4+ 42. Kg1 Qb1+ 43. Kg2 Qe4+ 44. Kg1 1/2-1/2

[Event "Llinars del Valles op 3rd"]
[Site "Llinars del Valles"]
[Date "2009.05.23"]
[Round "6"]
[White "Castellet Menchon, Didac"]
[Black "Veciana Coronado, Bru"]
[Result "0-1"]
[WhiteElo "1777"]
[BlackElo "1868"]
[PlyCount "68"]
[EventDate "2009.04.18"]
[EventType "swiss"]
[EventRounds "7"]
[EventCountry "ESP"]
[SourceTitle "EXT 2011"]
[Source "ChessBase"]
[SourceDate "2010.11.26"]
[SourceVersion "1"]
[SourceVersionDate "2010.11.26"]
[SourceQuality "1"]

1. e4 c5 2. Nf3 d6 3. d4 cxd4 4. Nxd4 Nf6 5. Nc3 a6 6. Be3 e5 7. Nb3 Ng4 8. Bc1 Be6 9. f3 Nf6 10. Be3 Be7 11. Qd2 0-0 12. 0-0-0 Qc7 13. g4 Rc8 14. g5 Nh5 15. Nd5 Bxd5 16. exd5 a5 17. Qd3 a4 18. Nd2 Na6 19. Qc4 Qa5 20. Qe4 a3 21. b3 Nb4 22. Kb1 Nxd5 23. Nc4 Nc3+ 24. Ka1 Rxc4 25. Qxc4 Nxd1 26. Bc1 d5 27. Qe2 Qc3+ 28. Kb1 Qd4 29. Qd3 Nc3+ 30. Ka1 Bc5 31. Bd2 Ne4+ 32. Qxd4 Bxd4+ 33. c3 Nxd2 34. cxd4 Nxf3 0-1

[Event "Llinars del Valles op 3rd"]
[Site "Llinars del Valles"]
[Date "2009.05.02"]
[Round "3"]
[White "Veciana Coronado, Bru"]
[Black "Canovas Pardo, Jordi"]
[Result "1-0"]
[WhiteElo "1868"]
[BlackElo "1748"]
[PlyCount "59"]
[EventDate "2009.04.18"]
[EventType "swiss"]
[EventRounds "7"]
[EventCountry "ESP"]
[SourceTitle "EXT 2011"]
[Source "ChessBase"]
[SourceDate "2010.11.26"]
[SourceVersion "1"]
[SourceVersionDate "2010.11.26"]
[SourceQuality "1"]

1. e4 d5 2. exd5 Nf6 3. d4 Nxd5 4. c4 Nf6 5. Nf3 c6 6. Nc3 Bg4 7. Be2 e6 8. a3 a5 9. h3 Bh5 10. Be3 Bd6 11. Qb3 Qc7 12. Rc1 Nbd7 13. 0-0 0-0 14. g4 Bg6 15. Nh4 Rab8 16. Nxg6 hxg6 17. f4 g5 18. fxg5 Nh7 19. Ne4 Be7 20. h4 f5 21. gxf5 Rxf5 22. Bg4 Rbf8 23. Bxf5 exf5 24. c5+ Kh8 25. Bf4 Qc8 26. Nd6 Bxd6 27. Bxd6 Re8 28. Rxf5 Ndf6 29. Qf3 Nd5 30. g6 1-0

[Event "Catalunya-ch U20"]
[Site "Catalunya"]
[Date "2008.03.24"]
[Round "8"]
[White "Molinero Gomez, Sandra"]
[Black "Veciana Coronado, Bru"]
[Result "1-0"]
[WhiteElo "1834"]
[BlackElo "1850"]
[PlyCount "65"]
[EventDate "2008.03.19"]
[EventType "swiss"]
[EventRounds "9"]
[EventCountry "ESP"]
[SourceTitle "EXT 2010"]
[Source "ChessBase"]
[SourceDate "2010.11.25"]
[SourceVersion "1"]
[SourceVersionDate "2010.11.25"]
[SourceQuality "1"]

1. e4 c5 2. Nc3 d6 3. Bc4 Nf6 4. f4 Nc6 5. Nf3 a6 6. a4 Bg4 7. h3 Bxf3 8. Qxf3 Nd4 9. Qd1 e6 10. d3 d5 11. Ba2 g6 12. 0-0 b5 13. axb5 axb5 14. f5 exf5 15. Bg5 Be7 16. exf5 Nxf5 17. Qe1 0-0 18. Rxf5 gxf5 19. Bh6 Re8 20. Qg3+ Ng4 21. hxg4 Bh4 22. Qf3 Qf6 23. g5 Qd4+ 24. Kh1 b4 25. Nxd5 Rxa2 26. Ne7+ Kh8 27. Rxa2 Qe5 28. Nxf5 Qe1+ 29. Kh2 Qe5+ 30. Kh3 Bxg5 31. Bg7+ Qxg7 32. Nxg7 Re3 33. Qxe3 1-0